000 00737nam a2200241 i 4500
001 bg
245 0 0 _aPoradnik ochrony mokradeł /
_cPaweł Pawlaczyk [et al.].
250 _aWyd. 2 popr.
260 _aŚwiebodzin :
_bWydaw. Lubuskiego Klubu Przyrodników,
_c2002.
300 _a265, [7] s., [24] s. tabl. kolor. :
_bil., fot., mapy, rys., wykr. ;
_c24 cm.
504 _aBibliogr. s. 229-239. Indeks.
650 9 _aBagna
_xochrona
_zPolska
655 _aPoradniki
700 1 _aPAWLACZYK, Paweł
015 _aPB 3541/2004
020 _a8387846244
040 _cBPK
041 0 _apol
080 _a504.4/.5.06:556.5:633.2](438)(083.1)
920 _a83-87846-24-4
942 _cKS
008 s pl f |000 0 pol
999 _c46497
_d46497
856 _uhttp://koha.tu.koszalin.pl/cgi-bin/koha/opac-detail.pl?biblionumber=46497
_yKatalog online BPK